00556 2200205 4500001002100000005001700021008004100038035002400079090001900103245007100122260003000193300002600223650002500249850001200274980001300286985000600299999001500305999001500320999001500335YOGYA-0209000004119420090227025738.0 ind  0010-020900000041194 a306.09bSejlR aSEJARAH dan dialog peradapanbpersembahan 70 tahun Taufik Abdullah aJakartabLIPI Pressc2005 axlii, 1220 hlmc26 cm aKebudayaan - Sejarah aYOPDYOG a09012008 a3 a07B0031731 a07B0031733 a07B0031732